Ethnologie : Races de chats - Statistiques

Statistiques générales
  • Ce quiz a été pris 58 fois
  • Le résultat moyen est 18 sur 65
Statistiques - réponses
Par images Réponse % Correct
Bengal
74%
Persan
74%
Sphynx
70%
Sacré de Birmanie
67%
Chartreux
59%
Siamois
52%
Sacré de Birmanie
48%
Sphynx
48%
Européen
44%
Maine Coon
44%
Bleu Russe
41%
Chartreux
41%
Bengal
37%
Bengal
37%
Bengal
37%
Européen
37%
Siamois
37%
American Curl
33%
American Curl
33%
Devon Rex
33%
Manx
33%
Ragdoll
33%
Bleu Russe
30%
Exotic Shorthair
30%
Manx
30%
Persan
30%
Turc de Van
30%
Angora Turc
26%
Bleu Russe
26%
Chartreux
26%
Exotic Shorthair
26%
Maine Coon
26%
Maine Coon
26%
Persan
26%
Scottish Fold
26%
Angora Turc
22%
Exotic Shorthair
22%
Norvégien
22%
Sacré de Birmanie
22%
Scottish Fold
22%
Sphynx
22%
American Curl
19%
Devon Rex
19%
Devon Rex
19%
Européen
19%
Havana Brown
19%
Norvégien
19%
Oriental Shorthair
19%
Oriental Shorthair
19%
Siamois
19%
Abyssin
15%
Havana Brown
15%
Norvégien
15%
Oriental Shorthair
15%
Ragdoll
15%
Scottish Fold
15%
Angora Turc
11%
Manx
11%
Savannah
11%
Ragdoll
7%
Turc de Van
7%
Turc de Van
7%
Havana Brown
4%
Mau Egyptien
4%
Munchkin
4%
Aucun quiz correspondant
Distribution des résultats
% des personnes avec chaque résultat
Percentile par nombre de réponses
Votre historique - résultats
Vous n’avez pas pris ce quiz